[Event "EYTCC Open U12 2018"]
[Site "Bad Blankeburg"]
[Date "2018.07.17"]
[Round "8"]
[White "Lazavik, Denis"]
[Black "Gokcek, Kursat Bugra"]
[Result "1-0"]
[WhiteElo "2111"]
[BlackElo "1974"]
[Annotator "NA"]
[PlyCount "80"]
[EventDate "2018.07.12"]
[EventType "swiss"]
[EventCountry "GER"]
[SourceTitle "playchess.com"]
[Source "ChessBase"]
[SourceQuality "1"]
[WhiteTeam "Belarus"]
[WhiteTeamCountry "BLR"]
[TimeControl "40/5400+30:1800+30"]

1. d4 Nf6 2. c4 g6 3. g3 Bg7 4. Bg2 O-O 5. Nc3 d6 6. Nf3 c6 7. O-O Bf5 8. Ne1 Be6 9. b3 d5 10. cxd5 Nxd5 11. Bb2 Nxc3 12. Bxc3 {LiveBook: 9 Games} Na6 13. e3 Qd7 14. Qe2 {[%emt 0:45:35]} Bh3 {[%emt 0:49:57]} 15. Rc1 {[%emt 0:04:13]} Bxg2 {[%emt 0:00:54]} 16. Nxg2 {[%emt 0:01:48]} Nc7 $11 {[%emt 0:07:48]} 17. Rfd1 {[%emt 0:03:43]} e6 {[%emt 0:01:32]} 18. Bb2 {[%emt 0:05:28]} Rfd8 {[%emt 0:03:10]} 19. Nf4 {[%emt 0:02:03]} Nd5 {[%emt 0:09:34]} 20. Nd3 {[%emt 0:00:45]} Qe8 {[%emt 0:03:10]} 21. Nc5 {[%emt 0:05:47]} Rab8 {[%emt 0:05:26]} 22. Qc4 {[%emt 0:07:31]} Nb6 {[%emt 0:06:21]} 23. Qc2 {[%emt 0:06:41]} Nd7 {[%emt 0:01:14]} 24. b4 {[%emt 0:04:26]} Nxc5 {[%emt 0:01:34]} 25. dxc5 {[%emt 0:00:33]} Bxb2 {[%emt 0:02:45]} 26. Qxb2 {[%emt 0:00:05]} Rxd1+ {[%emt 0:00:56]} 27. Rxd1 {[%emt 0:00:08]} Rd8 {[%emt 0:02:59]} 28. Rd6 {[%emt 0:01:04]} Rxd6 {[%emt 0:01:55]} 29. cxd6 {[%emt 0:00:06]} e5 30. Qa3 {[%emt 0:02:04]} Qd7 {[%emt 0:00:14]} 31. b5 {[%emt 0:02:27]} b6 {[%emt 0:01:51]} 32. bxc6 {[%emt 0:00:40]} Qxc6 {[%emt 0:00:01]} 33. Qd3 {[%emt 0:00:36]} Qd7 {[%emt 0:01:28]} 34. Qd5 {[%emt 0:00:16]} Qe8 {[%emt 0:01:34]} 35. Qb7 {[%emt 0:02:56]} Kf8 {[%emt 0:00:33]} 36. Qc7 {[%emt 0:01:39]} Qa4 {[%emt 0:00:17]} 37. d7 {[%emt 0:00:22]} Qd1+ {[%emt 0:00:15]} 38. Kg2 {[%emt 0:00:04]} Qd5+ {[%emt 0:00:33]} 39. Kh3 {[%emt 0:00:18]} Qe6+ {[%emt 0:00:11]} 40. g4 {[%emt 0:00:07]} h5 {[%emt 0:00:18]} 1-0

[Event "EYTCC Open U12 2018"]
[Site "Bad Blankeburg"]
[Date "2018.07.17"]
[Round "8"]
[White "Sokolovsky, Yahli"]
[Black "Bui, Bao Anh Le"]
[Result "1/2-1/2"]
[WhiteElo "2106"]
[BlackElo "1883"]
[Annotator "NA"]
[PlyCount "70"]
[EventDate "2018.07.12"]
[EventType "swiss"]
[EventCountry "GER"]
[SourceTitle "playchess.com"]
[Source "ChessBase"]
[SourceQuality "1"]
[TimeControl "40/5400+30:1800+30"]

1. e4 {[%emt 0:00:00]} c5 {[%emt 0:00:00]} 2. Nf3 {[%emt 0:00:00]} d6 {[%emt 0:00:00]} 3. d4 {[%emt 0:00:00]} cxd4 {[%emt 0:00:18]} 4. Nxd4 {[%emt 0:00:00]} Nf6 {[%emt 0:00:15]} 5. Nc3 {[%emt 0:00:00]} a6 {[%emt 0:00:13]} 6. Be3 {[%emt 0:00:32]} e5 {[%emt 0:00:15]} 7. Nb3 {[%emt 0:00:01]} Be6 {[%emt 0:00:46]} 8. Qd2 {[%emt 0:00:42]} Be7 {[%emt 0:00:31]} 9. f3 {[%emt 0:00:09]} Nbd7 {[%emt 0:01:43]} 10. g4 {[%emt 0:01:33]} b5 {[%emt 0:01:48]} 11. O-O-O {[%emt 0:03:22]} Nb6 {[%emt 0:05:23]} 12. g5 {[%emt 0:03:01]} Nh5 {[%emt 0:06:13] B90: Sicilian Najdorf: Unusual White 6th moves, 6 Be3 Ng4 and 6 Be3 e5} 13. Nd5 {[%emt 0:03:30]} Bxd5 {[%emt 0:05:03]} 14. exd5 {[%emt 0:00:06]} Rc8 {[%emt 0:02:59]} 15. Bxb6 {[%emt 0:14:54]} (15. Na5 Nxd5 16. Qxd5 Qxa5 17. Kb1 O-O 18. c4 Nf4 19. Bxf4 exf4 20. h4 {½-½ (47) Kryvoruchko,Y (2693)-Van Wely,L (2674) Monzon 2016}) 15... Qxb6 {[%emt 0:00:16]} 16. Na5 {[%emt 0:02:29]} Nf4 {[%emt 0:10:29]} 17. h4 {[%emt 0:03:57]} Rc5 {[%emt 0:07:13]} 18. Qe1 $146 {[%emt 0:11:12]} ({Predecessor:} 18. c4 bxc4 19. Nxc4 {0-1 (41) Dovzaltz-Blees,A (2389) Dos Hermanas 2004}) 18... Rxd5 {[%emt 0:07:58]} 19. Rxd5 {[%emt 0:00:45]} Nxd5 {[%emt 0:00:04]} 20. Qe4 {[%emt 0:01:06]} Qxa5 {[%emt 0:05:51]} 21. Qxd5 {[%emt 0:00:02]} Qe1+ {[%emt 0:00:35]} 22. Qd1 {[%emt 0:00:02]} Qxd1+ {[%emt 0:00:46]} 23. Kxd1 {[%emt 0:00:02]} Kd7 {[%emt 0:00:30]} 24. c4 $17 {[%emt 0:03:37]} Kc6 {[%emt 0:02:39]} 25. Rg1 {[%emt 0:03:00]} Rd8 {[%emt 0:09:12]} 26. Kc2 {[%emt 0:02:45]} Kb6 {[%emt 0:09:32]} 27. b3 {[%emt 0:03:15]} d5 {[%emt 0:02:16]} 28. cxd5 {[%emt 0:00:31]} Rxd5 {[%emt 0:00:10]} 29. Bd3 {[%emt 0:01:43]} Rd4 {[%emt 0:03:18]} 30. Rg4 {[%emt 0:06:06]} Rxg4 {[%emt 0:12:53]} 31. fxg4 {[%emt 0:00:02]} g6 {[%emt 0:00:27]} 32. Be4 {[%emt 0:02:38]} Kc5 {[%emt 0:01:30]} 33. Kd3 {[%emt 0:01:49]} Bd8 {[%emt 0:00:24]} 34. Bb7 {[%emt 0:01:36]} a5 {[%emt 0:00:45]} 35. Ke4 {[%emt 0:00:40]} Kd6 {[%emt 0:00:23]} 1/2-1/2

[Event "EYTCC Open U12 2018"]
[Site "Bad Blankeburg"]
[Date "2018.07.17"]
[Round "8"]
[White "Strybuk, Artsiom I"]
[Black "Caliskan, Seha"]
[Result "1-0"]
[WhiteElo "2079"]
[BlackElo "1874"]
[Annotator "NA"]
[PlyCount "52"]
[EventDate "2018.07.12"]
[EventType "swiss"]
[EventCountry "GER"]
[SourceTitle "playchess.com"]
[Source "ChessBase"]
[SourceQuality "1"]
[TimeControl "40/5400+30:1800+30"]

1. e4 {[%emt 0:00:00]} e6 {[%emt 0:02:45]} 2. d4 {[%emt 0:00:00]} d5 {[%emt 0:00:45]} 3. Nd2 {[%emt 0:00:00]} c5 {[%emt 0:00:08]} 4. exd5 {[%emt 0:00:30]} exd5 {[%emt 0:00:06]} 5. Ngf3 {[%emt 0:00:14]} Nc6 {[%emt 0:00:09]} 6. Bb5 {[%emt 0:00:51]} cxd4 {[%emt 0:00:08]} 7. O-O {[%emt 0:12:12]} Bd6 {[%emt 0:00:10]} 8. Re1+ {[%emt 0:02:26]} Nge7 {[%emt 0:00:08]} 9. Nxd4 {[%emt 0:07:31]} O-O {[%emt 0:00:51]} 10. N2f3 {[%emt 0:02:34]} Bg4 {[%emt 0:00:29] C09: Französische Verteidigung (Tarrasch-Variante)} 11. Be3 {[%emt 0:03:13]} (11. Be2 Qb6 12. Be3 Qxb2 13. Rb1 Qxa2 14. Ra1 Qb2 15. Rb1 Qc3 16. Nb5 Qf6 17. Nxd6 Qxd6 18. Rxb7 Nf5 19. Bc1 {1-0 (55) Druska,J (2430)-Szelag,M (2466) Poland 2017}) 11... Qc7 {[%emt 0:04:03]} 12. h3 {[%emt 0:06:32]} Bh5 {[%emt 0:01:43]} 13. c3 {[%emt 0:01:01]} a6 $146 {[%emt 0:04:42]} ({Vorgänger:} 13... Rad8 14. Qb3 Bg6 15. Qd1 a6 16. Bd3 Bxd3 17. Qxd3 h6 18. Rad1 Rfe8 {1-0 (30) Konecny,S (1672)-Berger,L (1579) St Veit 2016}) 14. Bd3 {[%emt 0:03:19]} Ne5 {[%emt 0:04:44]} 15. Bxh7+ {[%emt 0:01:47]} Kxh7 {[%emt 0:02:09]} 16. Ng5+ {[%emt 0:00:11]} Kg6 {[%emt 0:00:09]} 17. g4 {[%emt 0:00:46]} Bxg4 {[%emt 0:01:22]} 18. hxg4 {[%emt 0:00:21]} Qd7 {[%emt 0:01:57]} 19. Qc2+ $18 {[%emt 0:14:08]} f5 {[%emt 0:01:43]} 20. f3 {[%emt 0:04:46]} Nc4 {[%emt 0:08:03]} 21. Bc1 {[%emt 0:06:53]} Rf6 {[%emt 0:10:48]} 22. Re6 {[%emt 0:02:03]} Rxe6 {[%emt 0:08:44]} 23. gxf5+ {[%emt 0:01:32]} Kf6 {[%emt 0:00:34]} 24. fxe6 {[%emt 0:01:03]} Bh2+ {[%emt 0:04:23]} 25. Kh1 {[%emt 0:04:53]} Qe8 {[%emt 0:03:10]} 26. Nh7+ {[%emt 0:00:28]} Ke5 1-0

[Event "EYTCC Open U12 2018"]
[Site "Bad Blankeburg"]
[Date "2018.07.17"]
[Round "8"]
[White "Levin, Guy"]
[Black "Eilenberg, Jonas"]
[Result "1-0"]
[WhiteElo "2008"]
[BlackElo "1910"]
[Annotator "NA"]
[PlyCount "63"]
[EventDate "2018.07.12"]
[EventType "swiss"]
[EventCountry "GER"]
[SourceTitle "playchess.com"]
[Source "ChessBase"]
[SourceQuality "1"]
[TimeControl "40/5400+30:1800+30"]

1. e4 {[%emt 0:00:00]} e6 {[%emt 0:00:00]} 2. d4 {[%emt 0:00:00]} d5 {[%emt 0:00:00]} 3. Nd2 {[%emt 0:00:00]} Be7 {[%emt 0:00:13]} 4. Bd3 {[%emt 0:00:25]} Nf6 {[%emt 0:00:36]} 5. Ne2 {[%emt 0:03:10]} c5 {[%emt 0:00:23]} 6. e5 {[%emt 0:00:44]} Nfd7 {[%emt 0:00:02]} 7. c3 {[%emt 0:00:13]} Nc6 {[%emt 0:00:29]} 8. O-O {[%emt 0:03:44] C06: Französische Verteidigung (Tarrasch-Variante)} (8. Nf3 a5 9. O-O cxd4 10. cxd4 Nb6 11. Nc3 Bd7 12. a4 Nb4 13. Be2 Nc8 14. Be3 Na7 15. Nd2 O-O 16. f4 f5 17. exf6 Bxf6 18. Nf3 Nac6 {1-0 (47) Naiditsch,A (2704)-Bischoff,K (2519) Germany 2012}) 8... b6 {[%emt 0:01:29]} 9. f4 {[%emt 0:01:22]} cxd4 {[%emt 0:00:22]} 10. Nxd4 {[%emt 0:03:35]} Qc7 {[%emt 0:05:30]} 11. N2b3 $146 {[%emt 0:11:08]} ({Vorgänger:} 11. N2f3 Nc5 12. Nb5 Qd7 13. Bc2 Ba6 14. a4 Rd8 15. Be3 Na5 {1-0 (26) Zagorsek,D (1945)-Jurman,R (2186) Pula 2016}) 11... Nc5 {[%emt 0:01:42]} 12. Bb5 {[%emt 0:05:04]} Bd7 {[%emt 0:03:07]} 13. Bxc6 {[%emt 0:16:19]} Bxc6 {[%emt 0:00:25]} 14. f5 {[%emt 0:01:42]} exf5 {[%emt 0:07:27]} ({Black should try} 14... Bd7 $14) 15. Nxc6 {[%emt 0:04:20]} Qxc6 {[%emt 0:00:01]} 16. Nd4 {[%emt 0:00:20]} Qb7 {[%emt 0:01:56]} 17. Nxf5 {[%emt 0:02:06]} O-O-O {[%emt 0:03:04]} 18. a4 {[%emt 0:05:31]} Ne4 {[%emt 0:02:38]} 19. a5 {[%emt 0:05:14]} Bc5+ {[%emt 0:00:35]} 20. Nd4 {[%emt 0:01:28]} Rhe8 {[%emt 0:02:08]} 21. b4 {[%emt 0:08:23]} Bxd4+ $18 {[%emt 0:04:21]} (21... Nxc3 $16 {war einen Versuch wert.} 22. Qg4+ Qd7 23. Qxd7+ Rxd7 24. bxc5 bxc5) 22. Qxd4 {[%emt 0:03:30]} f6 {[%emt 0:01:14]} 23. axb6 {[%emt 0:02:17]} Qxb6 {[%emt 0:03:06]} 24. Rxa7 {[%emt 0:01:29]} Qxd4+ {[%emt 0:00:52]} 25. cxd4 {[%emt 0:00:02]} fxe5 {[%emt 0:00:00]} 26. dxe5 {[%emt 0:04:22]} d4 {[%emt 0:00:30]} 27. Re1 {[%emt 0:01:55]} Nc3 {[%emt 0:02:56]} 28. Bd2 {[%emt 0:03:06]} Rd5 {[%emt 0:02:36]} 29. e6 {[%emt 0:03:19]} Kb8 {[%emt 0:00:30]} 30. Rxg7 {[%emt 0:01:16]} Nb5 {[%emt 0:00:47]} 31. Bf4+ {[%emt 0:01:34]} Kc8 {[%emt 0:00:38]} 32. Ra1 {[%emt 0:01:30]} 1-0

[Event "EYTCC Open U12 2018"]
[Site "Bad Blankeburg"]
[Date "2018.07.17"]
[Round "8"]
[White "Schubert, Nikita"]
[Black "Aizenberg, Benny"]
[Result "0-1"]
[WhiteElo "1984"]
[BlackElo "1941"]
[Annotator "NA"]
[PlyCount "62"]
[EventDate "2018.07.12"]
[EventType "swiss"]
[EventCountry "GER"]
[SourceTitle "playchess.com"]
[Source "ChessBase"]
[SourceQuality "1"]
[TimeControl "40/5400+30:1800+30"]

1. d4 {[%emt 0:00:00]} Nf6 {[%emt 0:00:00]} 2. c4 {[%emt 0:00:00]} c5 {[%emt 0:00:00]} 3. d5 {[%emt 0:00:55]} b5 {[%emt 0:00:00]} 4. cxb5 {[%emt 0:03:37]} a6 {[%emt 0:00:00]} 5. bxa6 {[%emt 0:05:58]} g6 {[%emt 0:00:00]} 6. Nc3 {[%emt 0:01:40] A58: Benko/Volga Gambit: Lines with 5 bxa6} Bg7 {[%emt 0:00:57]} 7. e4 {[%emt 0:05:55]} (7. Nf3 O-O 8. g3 d6 9. Bg2 Nxa6 10. O-O Bf5 11. Nh4 Bd7 12. b3 Qb6 13. Bd2 Rfb8 14. Re1 Nc7 15. Qc2 Ra3 16. Qc1 Qa7 17. e4 Ng4 18. h3 {0-1 (38) Li,C (2732)-Shankland,S (2671) Liaocheng 2018}) 7... O-O {[%emt 0:00:05]} 8. Nf3 {[%emt 0:01:47]} Qa5 {[%emt 0:00:06]} 9. Nd2 {[%emt 0:07:13]} Bxa6 {[%emt 0:00:22]} 10. Be2 {[%emt 0:03:43]} Bxe2 {[%emt 0:00:15]} 11. Qxe2 {[%emt 0:00:44]} Qa6 {[%emt 0:00:06]} 12. O-O $146 {[%emt 0:11:38]} ({Predecessor:} 12. Nc4 e6 13. O-O exd5 14. exd5 {1-0 (41) Naumann,A (2545)-Koop,T (2418) Austria 2016}) 12... Qxe2 {[%emt 0:00:29]} 13. Nxe2 {[%emt 0:00:02]} e6 {[%emt 0:00:13]} 14. dxe6 {[%emt 0:06:53]} fxe6 {[%emt 0:00:05]} 15. Nc3 {[%emt 0:09:25]} d5 {[%emt 0:00:28]} 16. f3 {[%emt 0:02:10]} Nc6 {[%emt 0:00:08]} 17. exd5 {[%emt 0:09:27]} exd5 {[%emt 0:00:06]} 18. Nb3 {[%emt 0:01:55]} c4 {[%emt 0:00:40]} 19. Nc5 {[%emt 0:00:31]} d4 {[%emt 0:04:28]} 20. N3e4 {[%emt 0:01:48]} Nxe4 {[%emt 0:00:35]} 21. Nxe4 {[%emt 0:00:49]} d3 {[%emt 0:00:49]} 22. Nc3 {[%emt 0:12:10]} Rab8 {[%emt 0:01:12]} 23. a3 $19 {[%emt 0:09:34]} Nd4 {[%emt 0:00:22]} 24. Ra2 {[%emt 0:00:53]} Rfe8 {[%emt 0:00:16]} 25. g3 {[%emt 0:01:50]} Ne2+ {[%emt 0:02:23]} 26. Nxe2 {[%emt 0:00:38]} Rxe2 {[%emt 0:00:04]} 27. a4 {[%emt 0:01:09]} d2 {[%emt 0:00:08]} 28. Bxd2 {[%emt 0:00:33]} Rxd2 {[%emt 0:00:06]} 29. Rc1 {[%emt 0:00:46]} c3 {[%emt 0:00:10]} 30. a5 {[%emt 0:00:40]} cxb2 {[%emt 0:00:19]} 31. Rb1 {[%emt 0:00:32]} Rc8 {[%emt 0:00:11]} 0-1

[Event "EYTCC Open U12 2018"]
[Site "Bad Blankeburg"]
[Date "2018.07.17"]
[Round "8"]
[White "Laux, Dominik"]
[Black "Mizrahi, Ido"]
[Result "1/2-1/2"]
[WhiteElo "1943"]
[BlackElo "1914"]
[Annotator "NA"]
[PlyCount "65"]
[EventDate "2018.07.12"]
[EventType "swiss"]
[EventCountry "GER"]
[SourceTitle "playchess.com"]
[Source "ChessBase"]
[SourceQuality "1"]
[TimeControl "40/5400+30:1800+30"]

1. d4 {[%emt 0:00:00]} d5 {[%emt 0:00:00]} 2. c4 {[%emt 0:00:00]} c6 {[%emt 0:00:00]} 3. Nf3 {[%emt 0:00:08]} Nf6 {[%emt 0:00:00]} 4. e3 {[%emt 0:00:12]} Bg4 {[%emt 0:00:32]} 5. h3 {[%emt 0:01:05]} Bh5 {[%emt 0:00:08]} 6. g4 {[%emt 0:01:23]} Bg6 {[%emt 0:00:02]} 7. Ne5 {[%emt 0:00:23]} e6 {[%emt 0:02:56]} 8. Nd2 {[%emt 0:02:01]} Nbd7 {[%emt 0:03:19]} 9. Nxg6 {[%emt 0:01:20]} hxg6 {[%emt 0:00:24]} 10. Bg2 {[%emt 0:01:41]} g5 {[%emt 0:06:55]} 11. e4 {[%emt 0:06:17]} dxe4 {[%emt 0:00:38]} 12. Nxe4 {[%emt 0:00:12]} Nxe4 {[%emt 0:00:32]} 13. Bxe4 {[%emt 0:00:10]} Be7 {[%emt 0:02:56]} 14. Be3 {[%emt 0:05:29]} Qa5+ {[%emt 0:03:37]} 15. Bd2 {[%emt 0:05:03]} Qb6 $11 {[%emt 0:02:02]} 16. Bc3 {[%emt 0:01:48]} Nf6 {[%emt 0:03:14]} 17. Bg2 {[%emt 0:01:25]} O-O-O {[%emt 0:15:50]} 18. Qa4 {[%emt 0:10:42]} Kb8 {[%emt 0:12:27]} 19. b4 {[%emt 0:07:51]} Qc7 {[%emt 0:15:39]} 20. Rb1 {[%emt 0:12:19]} Qf4 {[%emt 0:07:33]} 21. Qc2 {[%emt 0:03:31]} Rh4 {[%emt 0:09:06]} 22. Qe2 {[%emt 0:06:04]} Qc7 {[%emt 0:08:23]} 23. b5 {[%emt 0:10:31]} c5 {[%emt 0:00:28]} 24. dxc5 {[%emt 0:01:59]} Bxc5 {[%emt 0:00:30]} 25. Qf3 {[%emt 0:01:23]} Bd4 {[%emt 0:01:49]} 26. Bd2 {[%emt 0:03:03]} Rhh8 {[%emt 0:01:59]} 27. Bxg5 {[%emt 0:02:47]} Rd7 {[%emt 0:00:22]} 28. Qe2 {[%emt 0:00:50]} Bc3+ {[%emt 0:00:31]} 29. Kf1 {[%emt 0:00:39]} Rhd8 {[%emt 0:00:39]} 30. Be3 {[%emt 0:02:22]} Bd4 31. Bf3 Bxe3 32. Qxe3 Qxc4+ 33. Kg2 1/2-1/2

[Event "EYTCC Open U12 2018"]
[Site "Bad Blankeburg"]
[Date "2018.07.17"]
[Round "8"]
[White "Ozkan, Taha"]
[Black "Spizharny, Mikhail"]
[Result "1/2-1/2"]
[WhiteElo "1891"]
[BlackElo "2015"]
[Annotator "NA"]
[PlyCount "92"]
[EventDate "2018.07.12"]
[EventType "swiss"]
[EventCountry "GER"]
[SourceTitle "playchess.com"]
[Source "ChessBase"]
[SourceQuality "1"]
[TimeControl "40/5400+30:1800+30"]

1. d4 {[%emt 0:02:40]} Nf6 {[%emt 0:00:00]} 2. c4 {[%emt 0:00:39]} c6 {[%emt 0:00:00]} 3. Nf3 {[%emt 0:00:05]} d5 {[%emt 0:00:00]} 4. Nc3 {[%emt 0:00:05]} dxc4 {[%emt 0:00:09]} 5. a4 {[%emt 0:00:06]} Bf5 {[%emt 0:00:07]} 6. e3 {[%emt 0:00:03]} Nbd7 {[%emt 0:00:41]} 7. Bxc4 {[%emt 0:00:45]} e6 {[%emt 0:00:11]} 8. O-O {[%emt 0:00:19]} Be7 {[%emt 0:01:51]} 9. Qe2 {[%emt 0:00:58]} h6 {[%emt 0:01:48]} 10. e4 {[%emt 0:01:16]} Bh7 {[%emt 0:00:45]} 11. d5 {[%emt 0:10:52]} exd5 {[%emt 0:11:41]} 12. exd5 {[%emt 0:00:15]} O-O {[%emt 0:00:52]} 13. dxc6 {[%emt 0:00:36]} bxc6 {[%emt 0:00:10]} 14. Rd1 {[%emt 0:01:14]} Bc5 {[%emt 0:10:50]} 15. Ne5 {[%emt 0:05:33]} Qc7 {[%emt 0:02:47]} 16. Nxd7 $11 {[%emt 0:01:08]} Nxd7 {[%emt 0:00:28]} 17. Bxh6 {[%emt 0:01:15]} Ne5 {[%emt 0:15:58]} 18. Bf4 {[%emt 0:02:34]} Rfe8 {[%emt 0:01:04]} 19. Re1 {[%emt 0:01:16]} Bd6 {[%emt 0:01:27]} 20. Rad1 {[%emt 0:03:02]} Nf3+ {[%emt 0:02:41]} 21. Qxf3 {[%emt 0:00:26]} Bxf4 {[%emt 0:00:31]} 22. g3 {[%emt 0:01:24]} Be5 {[%emt 0:01:49]} 23. b3 {[%emt 0:04:14]} Rab8 {[%emt 0:02:49]} 24. Ne4 {[%emt 0:03:02]} Re7 {[%emt 0:04:30]} 25. Ng5 {[%emt 0:05:23]} Bg6 {[%emt 0:02:05]} 26. Qg4 {[%emt 0:07:37]} Bf6 {[%emt 0:12:50]} 27. Rxe7 {[%emt 0:05:22]} Qxe7 {[%emt 0:01:12]} 28. Nf3 {[%emt 0:04:22]} Qe4 {[%emt 0:04:04]} 29. Qxe4 {[%emt 0:02:07]} Bxe4 {[%emt 0:00:14]} 30. Ne1 {[%emt 0:00:49]} Bd5 {[%emt 0:02:43]} 31. Bxd5 {[%emt 0:00:18]} cxd5 {[%emt 0:00:05]} 32. Rd3 {[%emt 0:07:02]} Kf8 {[%emt 0:01:53]} 33. Ng2 {[%emt 0:02:15]} d4 {[%emt 0:02:47]} 34. Nf4 {[%emt 0:00:46]} g6 {[%emt 0:01:08]} 35. Nd5 {[%emt 0:01:58]} Bg7 {[%emt 0:00:53]} 36. Nc7 {[%emt 0:05:21]} Ke7 {[%emt 0:01:48]} 37. Nb5 {[%emt 0:01:22]} a6 {[%emt 0:00:53]} 38. Nxd4 {[%emt 0:14:53]} Bxd4 {[%emt 0:00:33]} 39. Rxd4 {[%emt 0:00:06]} Rxb3 {[%emt 0:00:11]} 40. Kg2 {[%emt 0:00:53]} Ra3 {[%emt 0:01:50]} 41. g4 {[%emt 0:33:23]} Ke6 {[%emt 0:34:06]} 42. h4 {[%emt 0:01:17]} Ke5 {[%emt 0:03:26]} 43. Rb4 {[%emt 0:00:28]} f5 {[%emt 0:02:37]} 44. g5 {[%emt 0:01:58] Kf4 [%clk 0:29:20] Rb6 [%clk 0:18:58] Kg4 [%clk 0:28:21] Rxa6 [%clk 0:19:04] Kxh4 [%clk 0:28:21] Rxg6 [%clk 0:18:45]} Rxa4 {[%emt 0:00:00]} 45. Kf3 {[%emt 0:00:00] Rg4 [%clk 0:25:55] Rg7 [%clk 0:14:24] Rxg5 [%clk 0:24:10] Rf7 [%clk 0:14:11] Kh5 [%clk 0:22:17] Kf4 [%clk 0:14:22] Rg2 [%clk 0:20:32] f3 [%clk 0:13:07] Kg6 [%clk 0:19:54] Rxf5 [%clk 0:13:09]} Ra2 {[%emt 0:00:00] Re5 [%clk 0:13:16]} 46. Ra4 {[%emt 0:00:00] Re4 [%clk 0:13:35]} Ra3+ {[%emt 0:00:00] Rb4 [%clk 0:13:34] Kf6 [%clk 0:18:45] Kg4 [%clk 0:13:19] Ra1 [%clk 0:18:33] Rb6+ [%clk 0:13:33] Kf7 [%clk 0:18:41] f4 [%clk 0:13:41] Ra5 [%clk 0:18:33] Rb4 [%clk 0:12:36] Kf6 [%clk 0:18:28] Rb8 [%clk 0:12:29] Kg6 [%clk 0:18:18] Rg8+ [%clk 0:12:26] Kf7 [%clk 0:18:20] Rb8 [%clk 0:12:20] Kf6 [%clk 0:18:39] Rf8+ [%clk 0:12:15] Kg7 [%clk 0:18:50] Rc8 [%clk 0:11:59] Kf6 [%clk 0:19:04] Rc6+ [%clk 0:11:50] Kf7 [%clk 0:19:16] Kf3 [%clk 0:11:45] Ra4 [%clk 0:19:02] Rc5 [%clk 0:10:16] Kf6 [%clk 0:18:59] Kg4 [%clk 0:09:32] Rb4 [%clk 0:18:48] Rc6+ [%clk 0:09:37] Kf7 [%clk 0:18:59] Kg5 [%clk 0:09:21] Rb1 [%clk 0:17:12] Ra6 [%clk 0:06:28] Rc1 [%clk 0:16:29] Ra7+ [%clk 0:05:53] Kf8 [%clk 0:16:14] f5 [%clk 0:06:11] Rc6 [%clk 0:16:14] Ra8+ [%clk 0:05:56] Kf7 [%clk 0:16:11]} 1/2-1/2